| 000 | 01305cam a2200397 a 4500 | ||
|---|---|---|---|
| 001 | 8269 | ||
| 003 | BD-RjUL | ||
| 005 | 20211208234544.0 | ||
| 008 | 180114s1988 nyua b 100 0 eng | ||
| 020 | _a0883183706 | ||
| 035 | _a(OCoLC)18610359 | ||
| 035 | _a(OCoLC)ocm18610359 | ||
| 035 | _a(CStRLIN)NYCG89-B89371 | ||
| 035 | _a(BD-RjUL) | ||
| 035 | _a(NNC)803220 | ||
| 040 |
_aBD-RjUL _beng _cBD-RjUL |
||
| 041 | _aeng | ||
| 082 | 0 |
_a522.6862 _220 _bNUC 1988 |
|
| 090 |
_aQB471.A1 _bN83 1988 |
||
| 245 | 0 | 0 |
_aNuclear spectroscopy of astrophysical sources : _bWashington, D.C., 1987 / _ceditors, Neil Gehrels, Gerald H. Share. |
| 260 |
_aNew York : _bAmerican Institute of Physics, _c1988. |
||
| 300 |
_a517 p. : _bill. ; _c25 cm. |
||
| 490 | 1 |
_aAIP conference proceedings ; _vno. 170 |
|
| 504 | _aIncludes bibliographies. | ||
| 650 | 0 |
_aGamma ray astronomy _vCongresses. _925787 |
|
| 650 | 0 |
_aGamma ray sources _xObservations _vCongresses. _925788 |
|
| 650 | 0 |
_aNuclear spectroscopy _vCongresses. _925789 |
|
| 650 | 0 |
_aNucleosynthesis _vCongresses. _925790 |
|
| 830 | 0 |
_vno. 170. _925791 |
|
| 700 | 1 |
_aGehrels, Neil. _925792 |
|
| 700 | 1 |
_aShare, Gerald H. _925793 |
|
| 830 | 0 |
_aAIP conference proceedings ; _925794 |
|
| 942 |
_2ddc _cBK |
||
| 999 |
_c8269 _d8269 |
||